000 00712nam a2200265Ia 4500
001 4915
005 20240113233807.0
007 ta
008 050615s1992 g b000 u asm u
020 _cRs. 26.00 (HB)
040 _aCotton College,Assam
041 _aasm
082 _a891.41109
_bBo 644 As
100 _aBora, Hem .
245 0 _aAsamiya Kabita Aru Janaduek Pradhan Kabi /
_cHem Bora.
_hTextual Documents
250 _a1st ed. /
260 _aGuwahati :
_bStudent`s Stores ,
_c1992.
300 _a119p. ;
_c21cm.
365 _aRs. 26.00
653 _aAssamese Poetry-Criticism
653 _aPG-Assamese
942 _2ddc
_cBK
999 _c4902
_d4902